000 00813nam a2200205Ia 4500
003 GCL
008 140319s9999 xx 000 0 ara d
040 _aGCL /
_cGCL
082 0 4 _a251.12
_bع ب
100 1 _aعبدالمنعم احمد النمر
245 1 0 _aبين السنة والاجتهاد فى بدء الشهور العربية وتحديد اوقات الصلاة والصوم فى البلاد القطبية /
_cعبدالمنعم احمد النمر
260 _a[S.N] :
_bدار الكتب الاسلامية ،
_c1986
300 _a183 ص
490 _aفى رحاب السيرة والسنة
_v0
650 0 4 _aالسيرة النبوية
650 0 4 _aالشريعة الاسلامية
650 0 4 _aالسنة القمرية
650 0 4 _aالسنة الشمسية
942 _2ddc
_cBK
999 _c56135
_d56135